The scientific outlook / (Record no. 11511)

MARC details
000 -LEADER
fixed length control field 01007cam a2200301 i 4500
001 - CONTROL NUMBER
control field 15503385
003 - CONTROL NUMBER IDENTIFIER
control field EG-ScBUE
005 - DATE AND TIME OF LATEST TRANSACTION
control field 20240820112549.0
008 - FIXED-LENGTH DATA ELEMENTS--GENERAL INFORMATION
fixed length control field 081029s2009 enk f b 001 0 eng d
020 ## - INTERNATIONAL STANDARD BOOK NUMBER
International Standard Book Number 9780415474627 (pbk)
020 ## - INTERNATIONAL STANDARD BOOK NUMBER
International Standard Book Number 0415474620(pbk)
040 ## - CATALOGING SOURCE
Original cataloging agency DLC
Language of cataloging eng
Description conventions rda
Transcribing agency DLC
Modifying agency EG-ScBUE
082 04 - DEWEY DECIMAL CLASSIFICATION NUMBER
Classification number 500
Edition number 22
Item number RUS
100 1# - MAIN ENTRY--PERSONAL NAME
Personal name Russell, Bertrand,
Dates associated with a name 1872-1970,
Relator term author.
9 (RLIN) 4642
245 14 - TITLE STATEMENT
Title The scientific outlook /
Statement of responsibility, etc Bertrand Russell.
264 #1 - PUBLICATION, DISTRIBUTION, ETC. (IMPRINT)
Place of publication, distribution, etc London ;
-- New York, NY :
Name of publisher, distributor, etc Routledge,
Date of publication, distribution, etc 2009.
300 ## - PHYSICAL DESCRIPTION
Extent xxv, 211 pages ;
Dimensions 18 cm
336 ## - CONTENT TYPE
Source rdacontent
Content type term text
Content type code txt
337 ## - MEDIA TYPE
Media type term unmediated
Source rdamedia
Media type code n
338 ## - CARRIER TYPE
Carrier type term volume
Carrier type code nc
Source rdacarrier
500 ## - GENERAL NOTE
General note Originally published: London : George Allen & Unwin, 1931.
504 ## - BIBLIOGRAPHY, ETC. NOTE
Bibliography, etc Includes bibliographical references and index.
650 #7 - SUBJECT ADDED ENTRY--TOPICAL TERM
Topical term or geographic name as entry element Science.
Source of heading or term BUEsh
9 (RLIN) 4643
650 #7 - SUBJECT ADDED ENTRY--TOPICAL TERM
Topical term or geographic name as entry element Civilization, Modern.
Source of heading or term BUEsh
9 (RLIN) 4644
655 ## - INDEX TERM--GENRE/FORM
Form subdivision Reading book
942 ## - ADDED ENTRY ELEMENTS (KOHA)
Source of classification or shelving scheme Dewey Decimal Classification
Koha item type Book - Borrowing
Holdings
Withdrawn status Lost status Source of classification or shelving scheme Damaged status Not for loan Collection code Home library Current library Shelving location Date acquired Source of acquisition Total Checkouts Total Renewals Full call number Barcode Date last seen Date checked out Price effective from Koha item type
    Dewey Decimal Classification     Baccah Central Library Central Library First floor 10/05/2009 Purchase 2 34 500 RUS 000016334 15/07/2025 24/12/2019 10/05/2009 Book - Borrowing
    Dewey Decimal Classification     Baccah Central Library Central Library First floor 10/05/2009 Purchase 2   500 RUS 000016335 15/07/2025 07/12/2017 10/05/2009 Book - Borrowing
    Dewey Decimal Classification     Baccah Central Library Central Library First floor 10/05/2009 Purchase 1   500 RUS 000016336 15/07/2025 16/02/2010 10/05/2009 Book - Borrowing
    Dewey Decimal Classification     Baccah Central Library Central Library First floor 10/05/2009 Purchase     500 RUS 000016337 15/07/2025   10/05/2009 NB - Book (Non borrowing)